000 00306cam a22000977a 4500
008 180718b1963 xxu||||| |||| 00| 0 eng d
082 _aG5x4 Eu78
245 _aThe European Communities: rules of procedure of the European Parliament
260 _aLondon
_bHer Majesty's Stationery Office
_c1963
300 _a20+p
999 _c490895
_d490895